Exchange-Rate-Based Stabilization : A Model of Financial Fragility /

Interactions between banks and open capital account are investigated as rationalizations for empirical regularities characterizing disinflation programs anchored by the exchange rate. The financial system is characterized by bank dominance and lending externality - banks do not internalize the effec...

Πλήρης περιγραφή

Λεπτομέρειες βιβλιογραφικής εγγραφής
Κύριος συγγραφέας: Sobolev, Yuri
Μορφή: Επιστημονικό περιοδικό
Γλώσσα:English
Έκδοση: Washington, D.C. : International Monetary Fund, 2000.
Σειρά:IMF Working Papers; Working Paper ; No. 2000/122
Διαθέσιμο Online:Full text available on IMF
LEADER 01806cas a2200241 a 4500
001 AALejournalIMF001290
008 230101c9999 xx r poo 0 0eng d
020 |c 5.00 USD 
020 |z 9781451854480 
022 |a 1018-5941 
040 |a BD-DhAAL  |c BD-DhAAL 
100 1 |a Sobolev, Yuri. 
245 1 0 |a Exchange-Rate-Based Stabilization :   |b A Model of Financial Fragility /  |c Yuri Sobolev. 
264 1 |a Washington, D.C. :  |b International Monetary Fund,  |c 2000. 
300 |a 1 online resource (36 pages) 
490 1 |a IMF Working Papers 
500 |a <strong>Off-Campus Access:</strong> No User ID or Password Required 
500 |a <strong>On-Campus Access:</strong> No User ID or Password Required 
506 |a Electronic access restricted to authorized BRAC University faculty, staff and students 
520 3 |a Interactions between banks and open capital account are investigated as rationalizations for empirical regularities characterizing disinflation programs anchored by the exchange rate. The financial system is characterized by bank dominance and lending externality - banks do not internalize the effect of their lending on other banks' information about potential borrowers. Model dynamics simulation shows that remonetization in the wake of disinflation increases loanable funds supply and translates into bank credit expansion financed by capital inflows. A credit-driven boom results, accompanied by overvaluation and current account deficits generating financial fragilities and vulnerability to a shock that can trigger banking and balance-of-payments crises. 
538 |a Mode of access: Internet 
830 0 |a IMF Working Papers; Working Paper ;  |v No. 2000/122 
856 4 0 |z Full text available on IMF  |u http://elibrary.imf.org/view/journals/001/2000/122/001.2000.issue-122-en.xml  |z IMF e-Library